Manual de identificación de especies forestales en bosques naturales con manejo certificable por comunidades / (Registro nro. 5246)

Detalles MARC
000 -CABECERA
Campo de control 01311nam a2200265 i 4500
005 - FECHA Y HORA DE LA ULTIMA TRANSACCION
Campo de control 20160213143600.0
008 - ELEMENTOS DE LONGITUD FIJA—INFORMACION GENERAL
Campo de control 141018s2005 ck abd gr 0001fdspa d
020 ## - ISBN
ISBN Cancelado/ Invalidado 9589759742
040 ## - FUENTE DE CATALOGACIÓN
Agencia catalogadora original CO-BoBLA
Agencia transcriptora CO-BoBLA
Agencia Modificadora CO-BoIAVH
041 ## - IDIOMA
Código de idioma para texto/pista de sonido o título separado Español
082 04 - NUMERO DE CLASIFICACION DECIMAL DEWEY
Número de clasificación 582.16
Número del ítem L92m
100 1# - ASIENTO PRINCIPAL--NOMBRE PERSONAL
Nombre personal López Camacho, René
9 (RLIN) 442
245 10 - MENCION DE TITULO
Título Manual de identificación de especies forestales en bosques naturales con manejo certificable por comunidades /
Mención de responsabilidad René López Camacho, Martín Iván Montero González ; fotografía René López Camacho, Martín Iván Montero González, Esteban Sosnitsky [y otro] ; ilustraciones Marcela Morales Sánchez.
260 ## - PUBLICACION, DISTRIBUCION, ETC. (PIE DE IMPRENTA)
Lugar de publicación, distribución, etc. Bogotá :
Nombre del editor, distribuidor, etc. Instituto Amazónico de Investigaciones Científicas SINCHI,
Fecha de publicación, distribución, etc. 2005.
300 ## - DESCRIPCION FISICA
Extensión [126] páginas :
Otros detalles físicos ilustraciones, gráficas y mapas ;
Dimensiones 29 cm.
650 14 - ASIENTO SECUNDARIO DE MATERIA - TERMINO TEMATICO
Término temático o nombre geográfico como elemento de entrada Árboles
Subdivisión general Clasificación
Subdivisión geográfica Colombia.
9 (RLIN) 59549
650 24 - ASIENTO SECUNDARIO DE MATERIA - TERMINO TEMATICO
Término temático o nombre geográfico como elemento de entrada Árboles
Subdivisión general Fichas técnicas
Subdivisión geográfica Colombia.
9 (RLIN) 59550
650 24 - ASIENTO SECUNDARIO DE MATERIA - TERMINO TEMATICO
Término temático o nombre geográfico como elemento de entrada Árboles maderables
Subdivisión geográfica Colombia.
9 (RLIN) 59551
700 1# - ASIENTO SECUNDARIO - NOMBRE PERSONAL
Nombre personal Sosnitsky, Esteban,
Término de relación fotógrafo.
9 (RLIN) 51665
700 1# - ASIENTO SECUNDARIO - NOMBRE PERSONAL
Nombre personal Montero González, Martín Iván.
9 (RLIN) 26139
700 1# - ASIENTO SECUNDARIO - NOMBRE PERSONAL
Nombre personal Giraldo, Bernardo,
Término de relación fotógrafo.
9 (RLIN) 51666
700 1# - ASIENTO SECUNDARIO - NOMBRE PERSONAL
Nombre personal Morales Sánchez, Marcela,
Término de relación ilustradora.
9 (RLIN) 51667
942 ## - ELEMENTOS ADICIONALES (KOHA)
Sistema de clasificación Dewey Decimal Classification
Tipo de ítem Informe Técnico
949 ## - LOCAL PROCESSING INFORMATION (OCLC)
a n
b n
Existencias
Withdrawn status Lost status Sistema de Clasificación Damaged status No para préstamo Colección Inventariado Ubicación Permanente Ubicación actual Fecha de adquisición Fuente de Valor Valor Total Checkouts Número topográfico Inventario / Código de Barras Date last seen Ejemplar Price effective from Forma de adquisición Tipo de material
    Dewey Decimal Classification     General Inventariado 2017 Bogotá Bogotá 15/01/2016 Instituto 15000.00   LB-582.16 L92m 042174 15/01/2016 Ej. 1 15/01/2016   Libro
    Dewey Decimal Classification     General Inventariado 2017 Sala Fabio Quevedo Sala Fabio Quevedo 24/08/2006 Instituto 15000.00   LB-582.16 L92m 023245 04/12/2012 Ej. 2 04/12/2012   Libro